| 000 | 00749nam a2200217 i 4500 | ||
|---|---|---|---|
| 001 | bg | ||
| 100 | 1 | _aGOMÓŁKA, Bogusława | |
| 245 | 0 |
_aPodatność benzenu i pirydyny na biochemiczny rozkład w procesie osadu czynnego / _cBogusława Gomółka. |
|
| 260 |
_aWrocław : _bWydawn. Polt. Wrocł., _c1979. |
||
| 300 |
_as. 128 : _brys., tabl. [w tym] nlb. 2. |
||
| 490 | 1 |
_aPrace Nauk. Inst. Inż. Ochr. Środ. Polit. Wrocł. ; _vNr 45 |
|
| 500 | _a[Streszcz. w jęz. ang. i rs.]. | ||
| 504 | _a[Zawiera bibliogr. s. 119-124]. | ||
| 830 | _aPrace Nauk. Inst. Inż. Ochr. Środ. Polit. Wrocł. ; | ||
| 040 | _cBPK | ||
| 041 | _apol | ||
| 080 | _a628.3:661 | ||
| 942 | _cKS | ||
| 008 | s pl f |000 0 pol | ||
| 999 |
_c19080 _d19080 |
||
| 856 |
_uhttp://koha.tu.koszalin.pl/cgi-bin/koha/opac-detail.pl?biblionumber=19080 _yKatalog online BPK |
||